000 01197nam a22002177a 4500
999 _c1428
_d1428
005 20251125232737.0
008 s2525 th tha d
040 _aNALT
041 _atha
050 _aDS578.3 ร362พ 2525
245 1 0 _aพระราชวงศ์จักรีกับประชาธิปไตย
260 3 _aกรุงเทพฯ :
_bฝ่ายส่งเสริมวิชาการ สโมสรรัฐสภา,
_c2525
300 _a113 หน้า :
_b ภาพประกอบ
650 0 4 _aไทย -- กษัตริย์และผู้ครองนคร -- พระราชกรณียกิจ
650 0 4 _aไทย -- การเมืองและการปกครอง -- กรุงรัตนโกสินทร์ -- รัชกาลที่ 1 -- รัชกาลที่ 9
650 0 4 _aไทย -- ประวัติศาสตร์ -- กรุงรัตนโกสินทร์ -- รัชกาลที่ 1 -- รัชกาลที่ 9
850 _aNALT
856 4 0 _uhttps://hdl.handle.net/20.500.14156/355845
942 _cGB
_2lcc